Turbulence (Record no. 5373)

000 -LEADER
fixed length control field 00511nam a2200205 i 4500
001 - CONTROL NUMBER
control field 5373
003 - CONTROL NUMBER IDENTIFIER
control field BD-DhUET
008 - FIXED-LENGTH DATA ELEMENTS--GENERAL INFORMATION
fixed length control field 750220s1975 nyua b 001 0 eng
020 ## - INTERNATIONAL STANDARD BOOK NUMBER
International Standard Book Number 0070290377
040 ## - CATALOGING SOURCE
Original cataloging agency DLC
Transcribing agency DLC
Modifying agency BD-DhUET
082 00 - DEWEY DECIMAL CLASSIFICATION NUMBER
Classification number 532.56
Item number HIN/1975
100 1# - MAIN ENTRY--PERSONAL NAME
Personal name Hinze, J. O.
245 00 - TITLE STATEMENT
Title Turbulence
250 ## - EDITION STATEMENT
Edition statement 2nd ed.
260 ## - PUBLICATION, DISTRIBUTION, ETC. (IMPRINT)
Place of publication, distribution, etc. New York
Name of publisher, distributor, etc. McGraw-Hill
Date of publication, distribution, etc. 1975
300 ## - PHYSICAL DESCRIPTION
Extent x,790p.
Other physical details ill.
Dimensions 24 cm.
490 0# - SERIES STATEMENT
Series statement McGraw-Hill series in mechanical engineering
650 #0 - SUBJECT ADDED ENTRY--TOPICAL TERM
Topical term or geographic name as entry element Turbulence
942 ## - ADDED ENTRY ELEMENTS (KOHA)
Koha item type General Book
Holdings
Piece designation (barcode) Koha date last seen Shelving location Date acquired Not for loan Koha issues (times borrowed) Koha full call number Price effective from Source of classification or shelving scheme Lost status Koha normalized classification for sorting Copy number Location (home branch) Withdrawn status Koha date last borrowed Koha item type Sublocation or collection (holding branch) Damaged status
638132014-11-26Circulation section2014-11-26  532.56/HIN/19752014-11-26  532_560000000000000_HIN_19751Central Library, BUET  General BookCentral Library, BUET 
638162014-11-26Circulation section2014-11-26  532.56/HIN/19752014-11-26  532_560000000000000_HIN_19752Central Library, BUET  General BookCentral Library, BUET 
443342014-12-07Circulation section2014-12-07  532.56/HIN/19752014-12-07  532_560000000000000_HIN_19753Central Library, BUET  General BookCentral Library, BUET 
638072014-12-07Circulation section2014-12-07  532.56/HIN/19752014-12-07  532_560000000000000_HIN_19754Central Library, BUET  General BookCentral Library, BUET 
638122015-03-29Circulation section2014-12-07 1532.56/HIN/19752014-12-07  532_560000000000000_HIN_19755Central Library, BUET 2015-03-25General BookCentral Library, BUET 
638052014-12-07Circulation section2014-12-07  532.56/HIN/19752014-12-07  532_560000000000000_HIN_19756Central Library, BUET  General BookCentral Library, BUET 
638102014-12-07Circulation section2014-12-07  532.56/HIN/19752014-12-07  532_560000000000000_HIN_19757Central Library, BUET  General BookCentral Library, BUET 
638082014-12-07Circulation section2014-12-07  532.56/HIN/19752014-12-07  532_560000000000000_HIN_19758Central Library, BUET  General BookCentral Library, BUET 
638092014-12-07Circulation section2014-12-07  532.56/HIN/19752014-12-07  532_560000000000000_HIN_19759Central Library, BUET  General BookCentral Library, BUET 
638062023-02-28Circulation section2014-12-07 1532.56/HIN/19752014-12-07  532_560000000000000_HIN_197510Central Library, BUET 2022-11-14General BookCentral Library, BUET 
638152015-09-14Circulation section2014-12-07 1532.56/HIN/19752014-12-07  532_560000000000000_HIN_197511Central Library, BUET 2015-05-26General BookCentral Library, BUET 
391582015-03-09Circulation section2015-03-09  532.56/HIN/19752015-03-09  532_560000000000000_HIN_197512Central Library, BUET  General BookCentral Library, BUET 
589682015-06-07Reading section2015-06-07  532.56/HIN/19752015-06-07  532_560000000000000_HIN_197513Central Library, BUET  Reading ItemCentral Library, BUET 
606532015-06-07Reading section2015-06-07  532.56/HIN/19752015-06-07  532_560000000000000_HIN_197514Central Library, BUET  Reading ItemCentral Library, BUET 
527292015-06-23Reading section2015-06-23  532.56/HIN/19752015-06-23  532_560000000000000_HIN_197515Central Library, BUET  Reading ItemCentral Library, BUET 
638112024-11-27Circulation section1985-06-29 1532.56 HIN/19752024-11-16  532_560000000000000_HIN_197516Central Library, BUET 2024-11-27General BookCentral Library, BUET 
 2024-11-16 2024-11-16  532.56 HIN/19752024-11-16  532_560000000000000_HIN_1975 Central Library, BUET  General BookCentral Library, BUET 
391592024-11-16Circulation section2025-09-03  532.56 HIN/19752024-11-16  532_560000000000000_HIN_197518Central Library, BUET  General BookCentral Library, BUET